Pays non visités par les Présidents français - Statistiques

Statistiques générales
  • Ce quiz a été pris 264 fois
    15 depuis la dernière actualisation
  • Le résultat moyen est 35 sur 57
Statistiques - réponses
Continent Pays % Correct
Europe Saint-Marin
85%
Asie Bhoutan
77%
Asie Brunei
77%
Asie Corée du Nord
77%
Afrique Eswatini
77%
Océanie Fidji
77%
Amérique du Sud Guyana
77%
Afrique Lesotho
77%
Océanie Marshall
77%
Océanie Nouvelle-Zélande
77%
Amérique du Sud Suriname
77%
Amérique du Nord Belize
69%
Afrique Erythrée
69%
Afrique Liberia
69%
Europe Liechtenstein
69%
Océanie Samoa
69%
Afrique Sierra Leone
69%
Afrique Somalie
69%
Amérique du Nord Trinité-et-Tobago
69%
Océanie Tuvalu
69%
Amérique du Nord Barbade
62%
Asie Birmanie
62%
Afrique Guinée Équatoriale
62%
Amérique du Nord Jamaïque
62%
Océanie Kiribati
62%
Europe Monténégro
62%
Océanie Nauru
62%
Océanie Palaos
62%
Amérique du Nord Panama
62%
Amérique du Nord Sainte-Lucie
62%
Amérique du Nord Saint-Vincent-et-les- Grenadines
62%
Océanie Salomon
62%
Asie Timor Oriental
62%
Océanie Tonga
62%
Amérique du Nord Antigua-et-Barbuda
54%
Amérique du Nord Bahamas
54%
Afrique Cap Vert
54%
Amérique du Nord Dominique
54%
Afrique Malawi
54%
Océanie Micronésie
54%
Amérique du Nord République Dominicaine
54%
Afrique Soudan
54%
Afrique Soudan du Sud
54%
Asie Tadjikistan
54%
Afrique Tanzanie
54%
Afrique Zambie
54%
Afrique Zimbabwe
54%
Amérique du Nord Grenade
46%
Asie Kirghizistan
46%
Afrique Ouganda
46%
Amérique du Nord Saint-Christophe- et-Niévès
46%
Asie Taiwan
46%
Afrique Botswana
38%
Amérique du Nord Costa Rica
38%
Afrique Gambie
38%
Asie Maldives
38%
Afrique Sao Tomé-et-Principe
38%
Aucun quiz correspondant
Distribution des résultats
% des personnes avec chaque résultat
Percentile par nombre de réponses
Votre historique - résultats
Vous n’avez pas pris ce quiz depuis la dernière actualisation